Lande der starter med M - Statistics

General Stats
  • This quiz has been taken 9 times
  • The average score is 7 of 17
Answer Stats
Lande % Correct
Mali
67%
Moldova
67%
Madagaskar
56%
Malawi
56%
Marokko
56%
Mauritius
44%
Mikronesien
44%
Monaco
44%
Mongoliet
44%
Montenegro
44%
Malaysia
33%
Malta
33%
Mozambique
33%
Mexico
22%
Marshalløerne
11%
Mauretanien
11%
Myanmar Unionens Republik
0%
No matching quizzes found
Score Distribution
Percent of People with Each Score
Percentile by Number Answered
Your Score History
You have not taken this quiz